Mastering Game Design with Unity 2021 (Record no. 63848)
[ view plain ]
| 000 -LEADER | |
|---|---|
| fixed length control field | 00383nam a2200157 4500 |
| 008 - FIXED-LENGTH DATA ELEMENTS--GENERAL INFORMATION | |
| fixed length control field | 250926b |||||||| |||| 00| 0 eng d |
| 020 ## - INTERNATIONAL STANDARD BOOK NUMBER | |
| International Standard Book Number | 9789355512161 |
| 022 ## - INTERNATIONAL STANDARD SERIAL NUMBER | |
| International Standard Serial Number | 791.81 TYK |
| 082 ## - DEWEY DECIMAL CLASSIFICATION NUMBER | |
| Classification number | 791.81 TYK |
| 100 ## - MAIN ENTRY--PERSONAL NAME | |
| Personal name | Tykoski, Scott |
| 245 ## - TITLE STATEMENT | |
| Title | Mastering Game Design with Unity 2021 |
| 260 ## - PUBLICATION, DISTRIBUTION, ETC. (IMPRINT) | |
| Place of publication, distribution, etc | India |
| Name of publisher, distributor, etc | BPB Publisher |
| Date of publication, distribution, etc | 2023 |
| 300 ## - PHYSICAL DESCRIPTION | |
| Extent | 517 |
| 650 ## - SUBJECT ADDED ENTRY--TOPICAL TERM | |
| Topical term or geographic name as entry element | B-Design |
| 942 ## - ADDED ENTRY ELEMENTS (KOHA) | |
| Item type | Reference |
| Withdrawn status | Lost status | Source of classification or shelving scheme | Damaged status | Not for loan | Collection code | Home library | Current library | Shelving location | Date acquired | Source of acquisition | Cost, normal purchase price | Total Checkouts | Full call number | Barcode | Date last seen | Koha item type | Public note |
|---|---|---|---|---|---|---|---|---|---|---|---|---|---|---|---|---|---|
| Dewey Decimal Classification | Under Graduation | College of Design and Digital Trans Media | College of Design and Digital Trans Media | Design and Digital trans media | 26/09/2025 | AO Enterprises | 1199.00 | 791.81 TYK | DD387 | 26/09/2025 | Reference | Rack No.R14 Shelf No.18 | |||||
| Dewey Decimal Classification | Under Graduation | College of Design and Digital Trans Media | College of Design and Digital Trans Media | Design and Digital trans media | 26/09/2025 | AO Enterprises | 1199.00 | 791.81 TYK | DD388 | 26/09/2025 | Circulation | Rack No.C11 Shelf No.14 |
